000 01702nam0a2200337 4500
001 RU\NLR\BIBL_A\010956267
005 20260405073340.0
010 _a5-87472-064-2
_915000
035 _a(NLR Aleph) 010956267
090 _a10789888
_c10789888
100 _a20160122d1992 |||y0rusy50 ca
101 0 _arus
_aeng
102 _aRU
105 _aa|||z|||000yy
200 1 _aЕсли вы едете работать или учиться в англоязычную страну
_fК.А. Иванова, Т.Р. Хассалл, В.Д. Байков
210 _aСанкт-Петербург
_cИЧП "Алексанр Принт"
_d1992
215 _a155, [1] с.
_cцв. ил.
_d17
300 _aЗагл. и авт. также на англ. яз.: English for academic visitors / K.A. Ivanova, T.R.C. Hassall, V.D. Baykov
300 _aНа обл. авт. не указаны
300 _aИзд. за счет средств АО ИЛИП
517 1 _6z44790
_aEnglish for academic visitors
_zeng
606 1 _aАнглийский язык
_jУчебные издания
_xРазговорная речь
_9972088
_3RU\NLR\AUTH\6645917
686 1 _aШ143.21-93рус-6
700 1 _7ca
_8rus
_aИванова
_bК. А.
_cканд. филол. наук
_gКира Алексеевна
_91202
_3RU\NLR\AUTH\7718119
701 1 _aХассалл
_bТ. Р. К.
702 1 _7ca
_8rus
_aБайков
_bВ. Д.
_gВладимир Дмитриевич
_98625
_3RU\NLR\AUTH\7725578
790 1 _7ba
_8eng
_aIvanova
_bK. A.
_cканд. филол. наук
_gKira Alekseevna
_91203
_3RU\NLR\AUTH\7718120
942 _cBOOK
980 _aNB